Zlodějka příběhů /
Detektivní příběh z atraktivního prostředí televizního zákulisí.
Uloženo v:
| Série: | Josef Bergman,
část 2 |
|---|---|
| Hlavní autor: | |
| Další autoři: | , |
| Médium: | E-audiokniha |
| Jazyk: | Czech |
| Vydáno: |
Praha :
Voxi,
[2024]
|
| Témata: | |
| Příbuzné jednotky: | Z cyklu::
Josef Bergman |
| Tagy: |
Žádné tagy |
| LEADER | 03589nim a2200793 i 4500 | ||
|---|---|---|---|
| 001 | 313196 | ||
| 003 | CZ PrSKC | ||
| 005 | 20260601215737.0 | ||
| 007 | sd fungnnmmned | ||
| 008 | 240322t20242024xr nnnng f n cze | ||
| 015 | |a cnb003596780 | ||
| 024 | 3 | |a 8594050437500 | |
| 040 | |a ABA001 |b cze |e rda | ||
| 072 | 7 | |a 821.162.3-3 |x Česká próza |2 Konspekt | |
| 080 | |a 821.162.3-31 |2 MRF | ||
| 080 | |a (0:82-312.4) |2 MRF | ||
| 080 | |a (086.7)08 |2 MRF | ||
| 080 | |a (086.76) |2 MRF | ||
| 100 | 1 | |a Klevisová, Michaela, |d 1976- |7 xx0065727 |4 aut | |
| 245 | 1 | 0 | |a Zlodějka příběhů / |c Michaela Klevisová |
| 264 | 1 | |a Praha : |b Voxi, |c [2024] | |
| 264 | 4 | |c ©2024 | |
| 300 | |a 1 audiodisk (12 hod., 13 min.) ; |c 12 cm | ||
| 306 | |a 121300 | ||
| 336 | |a mluvené slovo |b spw |2 rdacontent | ||
| 337 | |a audio |b s |2 rdamedia | ||
| 338 | |a audiodisk |b sd |2 rdacarrier | ||
| 344 | |a digital |b optical |2 rda | ||
| 347 | |a audio soubor |b MP3 |2 rda | ||
| 500 | |a Název z disku | ||
| 500 | |a Copyright Albatros Media | ||
| 500 | |a Nezkrácená audiokniha ve formátu mp3 | ||
| 500 | |a Podle stejnojmenné knihy vydané nakladatelstvím Motto v roce 2009 | ||
| 508 | |a Režie Martin Šebestík | ||
| 511 | 0 | |a Čte Jana Stryková | |
| 520 | 2 | |a Detektivní příběh z atraktivního prostředí televizního zákulisí. |b Šéfka televizního scenáristického týmu Anna Valentová je výrazná osobnost - lidé ji buď milují, nebo nenávidí. Anna chce být ve všem nejlepší, jenže teď se jí pracně vybudovaná pověst hroutí pod rukama: její dcera je nezvěstná a navíc neznámý vyděrač odhalil všechna její tajemství. Co s tím vším mají společného její dvě kamarádky z dětství? Pak dojde k vraždě a je na charizmatickém inspektorovi Josefu Bergmanovi, aby rozpletl složitě zamotané klubko přátelských a mileneckých vztahů. Nakladatelská anotace. | |
| 655 | 7 | |a české romány |7 fd133974 |2 czenas | |
| 655 | 7 | |a detektivní romány |7 fd132010 |2 czenas | |
| 655 | 7 | |a audioknihy |7 fd119452 |2 czenas | |
| 655 | 7 | |a kompaktní disky |7 fd201991 |2 czenas | |
| 700 | 1 | |a Šebestík, Martin |7 xx0089616 |4 drt | |
| 700 | 1 | |a Stryková, Jana, |d 1979- |7 xx0119794 |4 nrt | |
| 787 | 0 | 8 | |i Z cyklu: |t Josef Bergman |g 2 |
| 900 | |a ABA001 |b 19 | ||
| 044 | |a xr | ||
| 505 | 0 | 0 | |t Prolog (3 min., 59 sek.) |
| 505 | 0 | 0 | |t 1.kapitola (28 min., 52 sek.) |
| 505 | 0 | 0 | |t 2.kapitola (34 min., 59 sek.) |
| 505 | 0 | 0 | |t 3.kapitola (47 min., 24 sek.) |
| 505 | 0 | 0 | |t 4.kapitola (48 min., 59 sek.) |
| 505 | 0 | 0 | |t 5.kapitola (20 min., 33 sek.) |
| 505 | 0 | 0 | |t 6. kapitola (47 min., 13 sek.) |
| 505 | 0 | 0 | |t 7.kapitola (45 min., 12 sek.) |
| 505 | 0 | 0 | |t 8.kapitola (34 min., 55 sek.) |
| 505 | 0 | 0 | |t 9.kapitola (27 min., 59 sek.) |
| 505 | 0 | 0 | |t 10. kapitola (43 min., 27 sek.) |
| 505 | 0 | 0 | |t 11. kapitola (49 min., 53 sek.) |
| 505 | 0 | 0 | |t 12.kapitola (34 min., 4 sek.) |
| 505 | 0 | 0 | |t 13. kapitola (31 min., 48 sek.) |
| 505 | 0 | 0 | |t 14. kapitola (31 min., 41 sek.) |
| 505 | 0 | 0 | |t 15. kapitola (35 min., 30 sek.) |
| 505 | 0 | 0 | |t 16. kapitola (46 min., 22 sek.) |
| 505 | 0 | 0 | |t 17. kapitola (30 min., 47 sek.) |
| 505 | 0 | 0 | |t 18.kapitola (33 min., 40 sek.) |
| 505 | 0 | 0 | |t 19.kapitola (52 min., 27 sek.) |
| 505 | 0 | 0 | |t 20.kapitola (2 min., 57 sek.) |
| 910 | |a RBIT002 | ||
| 998 | |d 393702 |a https://core.palmknihy.cz/api/books/393702/cover?shcg5e |b https://core.palmknihy.cz/api/books/393702/cover/400?shcg5e |c https://core.palmknihy.cz/api/books/393702/cover/50?shcg5e |e 2034-12-31 |i 8594050437500 |l 43980 |q 49 |r 1 |s https://www.palmknihy.cz/kniha/393702 |t audiobook |y 2023 |z 0 | ||
| 999 | |d 313194 | ||